000 00820nas a2200301Ia 4500
001 127
003 CO-MdFUSB
005 20170407163214.0
008 151030s9999 c 000 0 s d
022 _a01221-8581
037 _bSociedad de San Pablo
040 _aCO-MdFUSB
_bspa
_cCO-MdFUSB
_dCO-MdFUSB
_erda
041 0 _aspa
_hspa
245 1 0 _aRevista Vida Pastoral
_cSociedad de San Pablo
260 _aBogotá
264 _aColombia :
_bSociedad de San Pablo
300 _aVolumen 36
_c28 cm.
310 _aNo aplica
_b2008
336 _2rdacontent
_a1
_ba1
337 _2rdamedia
_a2
_b5
338 _a2
362 _a2008
546 _aTexto en español
650 _vPublicaciones seriadas
773 _dBogotá Colombia : Sociedad de San Pablo, 2008.
810 _hRevista
942 _cCR
_2ddc
_a2
999 _c49408
_d49408